00699nam a2200241 a 4500001001300000003000900013005001700022008004100039020001000080082001400090100001800104245006800122260003000190300000900220500003500229505003400264650001600298700001800314902000800332942000700340952009500347999001500442nice12345678IN_TiNIC20260116012522.0050524s1926 egya grp 000 0 ara  ac10000a239bMUI2 aMuir, William aAl-Bakooratul Shahiyya Fir Rawayatidiniyyab Sweet First Fruit. aEgyptbMatba-E-Neelc1926 a221p aincludes index and biblioraphy2 aEight articles bound together aApologetics1 aMuir, William bSRS cBK 00104070aHMIbHMId2007-06-22g100.00l0o239 MUI2p10825r2007-06-22w2026-01-16yARB c7330d7330